Карагандинская область; Гидрогеология СССР

Detaylı Bibliyografya
Parent link:Гидрогеология СССР: В 50 т./ Гл. ред. А. В. Сидоренко. Т. 34.— , 1966-
Müşterek Yazar: Всесоюзный научно-исследовательский институт гидрогеологии и инженерной геологии
Diğer Yazarlar: Фалевич И. Е. (редактор)
Dil:Rusça
Baskı/Yayın Bilgisi: 1970
Konular:
Materyal Türü: Kitap
KOHA link:https://koha.lib.tpu.ru/cgi-bin/koha/opac-detail.pl?biblionumber=47679

MARC

LEADER 00000nam2a2200000 4500
001 47679
005 20231031030352.0
035 |a (RuTPU)RU\TPU\book\49795 
035 |a RU\TPU\book\49793 
090 |a 47679 
100 |a 20030219d1970 k y0rusy50 ca 
101 0 |a rus 
102 |a RU 
105 |a a z 001zy 
200 1 |a Карагандинская область  |f Всесоюзный научно-исследовательский институт гидрогеологии и инженерной геологии; под ред. И. Е. Фалевич 
210 |d 1970 
215 |a 563 с.  |c ил.  |e Прил.: 5 отд. л. карт 
320 |a Библиогр.: с. 384-390. 
461 1 |0 (RuTPU)RU\TPU\book\49681  |t Гидрогеология СССР  |o В 50 т.  |f Гл. ред. А. В. Сидоренко  |v Т. 34  |d 1966- 
610 1 |a гидрогеология 
610 1 |a СССР 
610 1 |a Карагандинская область 
610 1 |a воды подземные 
610 1 |a формирование 
610 1 |a использование 
675 |a 556.3(47+57)  |v 3 
702 1 |a Фалевич  |b И. Е.  |4 340 
712 0 2 |a Всесоюзный научно-исследовательский институт гидрогеологии и инженерной геологии  |2 stltpush  |3 (RuTPU)RU\TPU\col\2061 
801 1 |a RU  |b 63413507  |c 20030219  |g PSBO 
801 2 |a RU  |b 63413507  |c 20171003  |g PSBO 
942 |c BK